000 00581nam a2200181Ia 4500
008 090124s9999 xx 000 0 und d
082 _b7109
100 _aआपटे हरि नारायण
245 _a पण लक्षात कोण घेतो
250 _a0
260 _c1972
300 _a603
600 _aआपटे हरि नारायण
630 _a पण लक्षात कोण घेतो
700 _aआपटे हरि नारायण
730 _a पण लक्षात कोण घेतो
942 _cBOOK
999 _c84339
_d84339